| 000 | 00961namaa2200277 a 4500 | ||
|---|---|---|---|
| 001 | vtls000980577 | ||
| 003 | NLI | ||
| 005 | 20210627100503.0 | ||
| 008 | 120209s19661967dcua i000 0 eng | ||
| 039 | 9 |
_y201202091924 _zVLOAD |
|
| 040 |
_aNLI _cVTLS-2010_FOD _eAACR2 |
||
| 041 | 0 | _aeng | |
| 044 | _adcu | ||
| 082 | 0 | 4 | _a332.152 |
| 245 | 0 | 0 |
_aInternational bank for reconstruction and development _bannual report world bank and IDA _f1966-67 |
| 260 |
_aWashington, D.C. : _bUnited States Government Printing Office, _c1967 |
||
| 300 |
_a84 p. ; _c28 cm. |
||
| 650 | 0 |
_aInternational Development Association _9910258 |
|
| 710 |
_aCommittee on Foreign Relations _bUnited States _9910259 |
||
| 710 |
_aBoard of Governers _bUnited States _9910260 |
||
| 887 | _a | ||
| 901 |
_aUN-6920 _b29.12.1967 |
||
| 902 | _aU.N 332.152 In 61 (1966-67) | ||
| 949 |
_AVIRTUAITEM _D10000 _X100 _6UNX000006920ENG _aU.N 332.152 In 61 (1966-67) _m1966-67 |
||
| 942 |
_2ddc _cBKS |
||
| 999 |
_c802829 _d802829 |
||